| 000 | 00583nam a2200157 i 4500 | ||
|---|---|---|---|
| 001 | 182799 | ||
| 003 | ES-MaACL | ||
| 005 | 20230906221720.0 | ||
| 008 | 131105s1842 sp |||| | spa d | ||
| 110 | 2 |
_aAcademia Literaria de Santiago. _9153779 |
|
| 245 | 1 | 0 | _aEstatutos y reglamento de la Academia Literaria de Santiago. |
| 260 |
_aSantiago : _b[s.n.], _c1842 ( _fImp. de Viuda e Hijos de CompaƱel) |
||
| 300 |
_a32 p. ; _c14 cm. |
||
| 610 | 2 | 4 |
_aAcademia Literaria de Santiago. _9153779 |
| 852 | 4 |
_aES-MaACL _jT-24-F-7 _z- Falto de cub. original _z- Enc. en un vol. facticio |
|
| 999 |
_c182799 _d182799 |
||